Central Library OPAC University of Rajshahi

World politics 83/84 / (Record no. 43095)

MARC details
000 -LEADER
fixed length control field 00811nam a2200277 a 4500
001 - CONTROL NUMBER
control field 43095
003 - CONTROL NUMBER IDENTIFIER
rucl marc code BD-RjUL
005 - DATE AND TIME OF LATEST TRANSACTION
control field 20211209053639.0
008 - FIXED-LENGTH DATA ELEMENTS--GENERAL INFORMATION
fixed length control field 160619s1983 xxu||||| |||| 001 0 eng d
035 ## - SYSTEM CONTROL NUMBER
System control number (BD-RjUL)43213
040 ## - CATALOGING SOURCE
Original cataloging agency BD-RjUL
Language of cataloging eng
Transcribing agency BD-RjUL
041 ## - LANGUAGE CODE
Language code of text/sound track or separate title eng
082 ## - DEWEY DECIMAL CLASSIFICATION NUMBER
Classification number 327.05
Author mark and year WOR 1983
245 00 - TITLE STATEMENT
Title World politics 83/84 /
Statement of responsibility, etc. Suzanne P Ogden, editor
250 ## - EDITION STATEMENT
Edition statement 4th ed.
260 ## - PUBLICATION, DISTRIBUTION, ETC. (IMPRINT)
Place of publication, distribution, etc. Guilford, Conn. :
Name of publisher, distributor, etc. Dushkin,
Date of publication, distribution, etc. ©1983
300 ## - PHYSICAL DESCRIPTION
Pagination 273 p. :
Illustrations ill. ;
Size 25 cm.
490 ## - SERIES STATEMENT
Series statement Annual editions
500 ## - GENERAL NOTE
General note Includes index
650 ## - SUBJECT ADDED ENTRY--TOPICAL TERM
Topical term or geographic name as entry element International relations.
9 (RLIN) 132337
Topical term or geographic name as entry element Diplomatic relations
9 (RLIN) 129433
651 ## - SUBJECT ADDED ENTRY--GEOGRAPHIC NAME
Geographic name United States
General subdivision Foreign relations.
9 (RLIN) 132338
700 ## - ADDED ENTRY--PERSONAL NAME
Personal name Ogden, Suzanne P. , editor
830 ## - SERIES ADDED ENTRY--UNIFORM TITLE
Uniform title Annual editions
942 ## - ADDED ENTRY ELEMENTS (KOHA)
Source of classification or shelving scheme Dewey Decimal Classification
Koha item type Books
Holdings
Lost status Source of classification or shelving scheme Damaged status Not for loan Collection code Permanent Location Current Location Shelving location Date acquired Total Checkouts Full call number Date last seen Copy number Koha item type Source of acquisition
  Dewey Decimal Classification     Non-fiction Central Library, University of Rajshahi Central Library, University of Rajshahi   21/06/1989   327.05 WOR 1983 19/06/2016 C-2 Books  
  Dewey Decimal Classification     Non-fiction Central Library, University of Rajshahi Central Library, University of Rajshahi   21/06/1989   327.05 WOR 1983 19/06/2016 C-3 Books  
  Dewey Decimal Classification     Non-fiction Central Library, University of Rajshahi Central Library, University of Rajshahi   21/06/1989   327.05 WOR 1983 19/06/2016 C-4 Books  
  Dewey Decimal Classification     Non-fiction Central Library, University of Rajshahi Central Library, University of Rajshahi   26/08/1989   327.05 WOR 1983 19/06/2016 C-5 Books  
  Dewey Decimal Classification     Non-fiction Central Library, University of Rajshahi Central Library, University of Rajshahi   26/08/1989   327.05 WOR 1983 19/06/2016 C-6 Books  
  Dewey Decimal Classification     Non-fiction Central Library, University of Rajshahi Central Library, University of Rajshahi   14/06/1989   327.05 WOR 1983 30/07/2016 C-7 Books Asia Fundation
  Dewey Decimal Classification   Not For Loan Non-fiction Central Library, University of Rajshahi Central Library, University of Rajshahi Reading Room 08/06/1985   327.05 WOR 1983 15/12/2016 C-1 Books Asian Foundation